• 首页
  • 本馆介绍
  • 公告通知
  • 最新文献
  • 馆藏检索
  • 电子资源
  • 读者导购
  • 参考咨询
  • 我的图书馆
  • 登录
  • 详细信息显示
  • 放入我的书架
  • 预约/预借图书
  • 作者相关作品
  • 分类相关作品
  • 丛书相关作品
  • 出版社相关作品

书目信息

  • 表格格式
  • 工作单格式
  • 卡片格式
题名:
魏晋名士风流
    
 
作者: 宁稼雨 著
分册:  
出版信息: 北京   中华书局  2007
页数: 276页
开本: 24cm
丛书名:
单 册:
中图分类: K235.03
科图分类:
主题词: 名人--人物研究--中国--魏晋南北朝时代 , 中国--古代史--封建社会
电子资源:
ISBN: 978-7-101-05769-0
000 00733nam0 2200229 450
001 1570106684
005 20150127094615.53
010    @a978-7-101-05769-0@dCNY30.00
100    @a20070608d2007 em y0chiy50 ea
101 0  @achi
102    @aCN@b110000
105    @aa z 000yd
200 1  @a魏晋名士风流@9wei jin ming shi feng liu@f宁稼雨著
210    @a北京@c中华书局@d2007
215    @a276页@c图@d24cm
330    @a本书从不同方面勾勒出魏晋名士的精神风貌,深入了解他们的内心世界,展现他们与众不同的价值观。
606 0  @a名人@x人物研究@y中国@z魏晋南北朝时代
606 0  @a中国@x古代史@x封建社会
690    @aK235.03@v4
701  0 @a宁稼雨@9ning jia yu@f(1954~)@4著
801  0 @aCN@bTSSF@c20150127
905    @aZUCC@dK235.03@eJY1
    
    魏晋名士风流/宁稼雨著.-北京:中华书局,2007
    276页:图;24cm
    
    
    ISBN 978-7-101-05769-0:CNY30.00
    本书从不同方面勾勒出魏晋名士的精神风貌,深入了解他们的内心世界,展现他们与众不同的价值观。
●
相关链接 在E读中查询图书 在五车中查询图书 在当当中查询图书 在豆瓣中查询图书


正题名:魏晋名士风流     索取号:K235.03/JY1         预约/预借

序号 登录号 条形码 馆藏地/架位号 状态 备注
1 7851212   278512129   学院路分馆/ [索取号:K235.03/JY1] 在馆    
唐山师范学院图书馆 欢迎您!
大连网信软件有限公司© 版权所有